The Montenegro Quiz - Statistics

General Stats
  • This quiz has been taken 152 times
    150 since last reset
  • The average score is 9 of 12
Answer Stats
Hint Answer % Correct
Its capital city Podgorica
96%
Became independant from this country Serbia and Montenegro
94%
Country it borders from the south Albania
91%
Montenegro's most famous bay Bay of {Kotor}
88%
In this year 2006
87%
Main unit of currency Euro
87%
Sea it borders Adriatic
86%
30 minutes drive from this Croatian city Dubrovnik
84%
Holiday town popular with Russians Budva
81%
Montenegro means this in its native language Black Mountain
74%
Its population (to the nearest 100,000) 600,000
48%
Northern city famous for its healing mud Herceg Novi
28%
No matching quizzes found
Score Distribution
Percent of People with Each Score
Percentile by Number Answered
Your Score History
You have not taken this quiz since the last reset